S biznisom k bratom Čechom – výzva, ktorá vám môže zdvojnásobiť tržby
Proces založenia spoločnosti v Česku a rozdiely vo vzťahu so Slovenskom. Elektronizácia podnikania. Cena práce a odvody. Špecifiká českého trhu a súčasné trendy záujmu medzinárodných technologických a finančných spoločností.
Guardado en:
| Autor principal: | |
|---|---|
| Formato: | Capítulo de libro |
| Lenguaje: | eslovaco |
| Materias: | |
| Etiquetas: |
Sin Etiquetas, Sea el primero en etiquetar este registro!
|
MARC
| LEADER | 00000naa a2200000 4500 | ||
|---|---|---|---|
| 001 | 0230094 | ||
| 005 | 20221104113129.5 | ||
| 041 | 0 | |a slo | |
| 044 | |a SK | ||
| 245 | 1 | 0 | |a S biznisom k bratom Čechom – výzva, ktorá vám môže zdvojnásobiť tržby |c Lukáš Ivan |
| 520 | |a Proces založenia spoločnosti v Česku a rozdiely vo vzťahu so Slovenskom. Elektronizácia podnikania. Cena práce a odvody. Špecifiká českého trhu a súčasné trendy záujmu medzinárodných technologických a finančných spoločností. | ||
| 610 | 2 | 0 | |a podnikanie |
| 610 | 2 | 0 | |a založenie podniku |
| 610 | 2 | 0 | |a zámery podnikateľské |
| 610 | 2 | 0 | |a prostredie podnikateľské |
| 610 | 2 | 0 | |a výhody konkurenčné |
| 610 | 2 | 0 | |a Slovensko |
| 610 | 2 | 0 | |a Česko |
| 100 | 1 | |a Ivan, Lukáš | |